| 000 | 00753nam0a22002531 4500 | ||
|---|---|---|---|
| 001 | rc\2578805 | ||
| 005 | 20250623115202.0 | ||
| 035 | _a(NLR Aleph) 006743348 | ||
| 090 |
_a5667833 _c5667833 |
||
| 100 | _a20110914d1928 |||y0rusy50 ca | ||
| 101 | 0 | _arus | |
| 102 | _aRU | ||
| 105 | _ay z |||a| | ||
| 200 | 1 |
_aБабье счастье _e[Рассказ] _fС. Ужгин |
|
| 210 |
_a[Москва] _cГос. изд-во _d1928 _g1-я Образцовая тип. |
||
| 215 |
_a[8] с. _d18х12 см. |
||
| 225 | 1 | _aКнижка-копейка | |
| 700 | 1 |
_aУжгин _bС.С. _f1882- _gСемен Семенович |
|
| 801 | 0 |
_aRU _bNLR _gpsbo |
|
| 801 | 1 |
_aRU _bELAR _2rusmarc |
|
| 852 |
_aNLR _j62/386 |
||
| 942 | _cBOOK | ||
| 980 | _aNB | ||